La gravité des crimes enregistrés par la police

Les crimes ne sont pas tous égaux en termes de conséquences pour les victimes et de dommages pour la société. Pourtant, les décomptes de crimes souvent utilisés ne tiennent compte que de la fréquence des crimes et manquent donc de précision. Certains chercheurs en criminologie ont récemment populari...

Ausführliche Beschreibung

Gespeichert in:  
Bibliographische Detailangaben
1. VerfasserIn: Boivin, Rémi (Verfasst von)
Medienart: Elektronisch Aufsatz
Sprache:Französisch
Veröffentlicht: 2025
In: Criminologie
Jahr: 2025, Band: 58, Heft: 2, Seiten: 351-376
Online-Zugang: Volltext (kostenfrei)
Volltext (kostenfrei)
Verfügbarkeit prüfen: HBZ Gateway
Schlagwörter:

MARC

LEADER 00000caa a22000002c 4500
001 194490879X
003 DE-627
005 20251217145105.0
007 cr uuu---uuuuu
008 251205s2025 xx |||||o 00| ||fre c
024 7 |a 10.7202/1121887ar  |2 doi 
035 |a (DE-627)194490879X 
035 |a (DE-599)KXP194490879X 
040 |a DE-627  |b ger  |c DE-627  |e rda 
041 |a fre 
084 |a 2,1  |2 ssgn 
100 1 |a Boivin, Rémi  |e VerfasserIn  |0 (DE-588)1100723412  |0 (DE-627)859517470  |0 (DE-576)401190668  |4 aut 
109 |a Boivin, Rémi 
245 1 3 |a La gravité des crimes enregistrés par la police 
264 1 |c 2025 
336 |a Text  |b txt  |2 rdacontent 
337 |a Computermedien  |b c  |2 rdamedia 
338 |a Online-Ressource  |b cr  |2 rdacarrier 
520 |a Les crimes ne sont pas tous égaux en termes de conséquences pour les victimes et de dommages pour la société. Pourtant, les décomptes de crimes souvent utilisés ne tiennent compte que de la fréquence des crimes et manquent donc de précision. Certains chercheurs en criminologie ont récemment popularisé une méthode d’estimation de la gravité des crimes qui a le grand avantage de ne pas nécessiter une collecte de données supplémentaires puisqu’elle se base sur les données déjà produites par les tribunaux. Au Canada, la stratégie à la base de l’Indice de gravité des crimes est de combiner les mesures de fréquence et de gravité des crimes enregistrés afin d’obtenir un seul indicateur. Le présent article argumente au contraire qu’il faut développer un indicateur complémentaire aux mesures de fréquence de la criminalité. Après avoir proposé une méthode d’estimation basée sur la médiane des infractions enregistrées, l’article contraste l’évolution temporelle de la fréquence des infractions avec celle de la gravité de celles-ci. Dans un troisième temps, une analyse des variations géographiques de la gravité des infractions enregistrées pour les territoires de toutes les organisations policières municipales du Québec et des postes de la Sûreté du Québec en 2023 est présentée. Mots-clés : Crime, gravité, police, données officielles, géocriminologie 
520 |a Les crimes ne sont pas tous égaux en termes de conséquences pour les victimes et de dommages pour la société. Pourtant, les décomptes de crimes souvent utilisés ne tiennent compte que de la fréquence des crimes et manquent donc de précision. Certains chercheurs en criminologie ont récemment popularisé une méthode d’estimation de la gravité des crimes qui a le grand avantage de ne pas nécessiter une collecte de données supplémentaires puisqu’elle se base sur les données déjà produites par les tribunaux. Au Canada, la stratégie à la base de l’Indice de gravité des crimes est de combiner les mesures de fréquence et de gravité des crimes enregistrés afin d’obtenir un seul indicateur. Le présent article argumente au contraire qu’il faut développer un indicateur complémentaire aux mesures de fréquence de la criminalité. Après avoir proposé une méthode d’estimation basée sur la médiane des infractions enregistrées, l’article contraste l’évolution temporelle de la fréquence des infractions avec celle de la gravité de celles-ci. Dans un troisième temps, une analyse des variations géographiques de la gravité des infractions enregistrées pour les territoires de toutes les organisations policières municipales du Québec et des postes de la Sûreté du Québec en 2023 est présentée. Mots-clés : Crime, gravité, police, données officielles, géocriminologie 
520 |a Not all crimes are equal in terms of their consequences for victims or the damage that they cause to society. Crime counts, however, take into account only the frequency of crimes and therefore lack precision. Recently, certain criminology researchers have popularized a method for estimating the severity of crimes that has the significant advantage of not requiring additional data collection, as it is based on data already produced by the courts. In Canada, the strategy employed by the Crime Severity Index is to combine measures of the frequency of recorded crimes with their severity to obtain a single indicator. This article argues that, to the contrary, it is necessary to develop an indicator that is complementary to measures of crime frequency. After proposing an estimation method based on the median of recorded offences, this article contrasts the temporal evolution of the frequency of offences with that of their severity. Thirdly, an analysis of the geographic variations in the severity of offences recorded in 2023 for both the territories of all municipal police organizations in Quebec, as well as Sûreté du Québec stations, is presented. Keywords: Crime, severity, police, official data, environmental criminology 
650 4 |a geocriminología 
650 4 |a datos oficiales 
650 4 |a Policía 
650 4 |a gravedad 
650 4 |a Delito 
650 4 |a Environmental Criminology 
650 4 |a official data 
650 4 |a Severity 
650 4 |a géocriminologie 
650 4 |a données officielles 
650 4 |a Police 
650 4 |a gravité 
650 4 |a Crime 
773 0 8 |i Enthalten in  |t Criminologie  |d Montréal : Presses de l'Univ., 1975  |g 58(2025), 2, Seite 351-376  |h Online-Ressource  |w (DE-627)373755422  |w (DE-600)2126751-0  |w (DE-576)117399159  |x 1492-1367  |7 nnas 
773 1 8 |g volume:58  |g year:2025  |g number:2  |g pages:351-376 
856 4 0 |u https://doi.org/10.7202/1121887ar  |x Resolving-System  |z kostenfrei  |3 Volltext  |7 0 
856 4 0 |u https://www.erudit.org/en/journals/crimino/2025-v58-n2-crimino010430/1121887ar/  |x Verlag  |z kostenfrei  |3 Volltext  |7 0 
935 |a mkri 
951 |a AR 
ELC |a 1 
LOK |0 000 xxxxxcx a22 zn 4500 
LOK |0 001 4823085914 
LOK |0 003 DE-627 
LOK |0 004 194490879X 
LOK |0 005 20251205043606 
LOK |0 008 251205||||||||||||||||ger||||||| 
LOK |0 035   |a (DE-2619)KrimDok#2025-12-04#50B105B5CB4AAE8FF983823E8A8BBDD258BDD9D6 
LOK |0 040   |a DE-2619  |c DE-627  |d DE-2619 
LOK |0 092   |o n 
LOK |0 852   |a DE-2619 
LOK |0 852 1  |9 00 
LOK |0 935   |a zota 
LOK |0 939   |a 05-12-25  |b l01 
OAS |a 1 
ORI |a SA-MARC-krimdoka001.raw